| 000 | 01121 a2200229 4500 | ||
|---|---|---|---|
| 001 | 29635 | ||
| 005 | 20260407155606.0 | ||
| 008 | 260407a2009 arg spa d | ||
| 003 | AR-UNSa-BCEJYS | ||
| 040 |
_aAR-UNSa-BCEJYS _bspa _cAR-UNSa-BCEJYS |
||
| 080 |
_a338.1 _xSituación económica. Ciclos. Desarrollo de la estructura económica |
||
| 245 | 1 | 0 | _aUn modelo de equilibrio general computable para la Argentina |
| 020 | _a978-987-1560-05-9 | ||
| 264 | 1 |
_aBuenos Aires : _bPNUD _c2009 |
|
| 300 |
_a124 p. _c29 cm. |
||
| 505 | _a1. Introducción a la metodología de equilibrio general computado - 2. Construcción de la matriz de contabilidad social (MCS) - 3. Matriz de contabilidad financiera - 4. Diseño de un modelo de equilibrio general computado - 5. Experimentación computacional y análisis de sensibilidad - 6. Conclusiones | ||
| 041 | _aspa | ||
| 942 | _cBK | ||
| 590 | _aniveau_biblio:m niveau_hierar:0 | ||
| 100 | 1 | _aChisari, Omar O. | |
| 856 | 4 | 1 |
_uhttps://biblioeco.unsa.edu.ar/pmb/images/libros/Un Modelo de Equilibrio General Computable para la Argentina-l118552.jpg _yImagen de portada _qimage/jpeg |
| 999 |
_c1914 _d1914 |
||